Face ao obscurantismo Woke (Record no. 45653)

MARC details
000 -Etiqueta do registo
Valores 00456nam a2200169 4500
100 ## - Dados gerais de processamento
Dados gerais 20260210 pory50
101 ## - Língua de publicação
Língua por
102 ## - País de publicação
País PT
200 ## - Titulo e menção de responsabilidade
Título próprio Face ao obscurantismo Woke
Primeira menção de responsabilidade Emmanuelle Hénin ... [et al.]
210 ## - Publicação
Local de publicação Lisboa
Nome do editor Guerra & Paz
Data de publicação 2025
215 ## - Descrição física 
Paginação / Volumes 308 p.
314 ## - Responsabilidade Intelectual
Texto da nota Autores: Emmanuelle Hénin ; Xavier-Laurent Salvador , Pierre Vermeren
675 ## - CDU
Notação 316.6
801 ## - Fonte de origem
País PT
Regras de catalogação RPC
990 ## - Elementos KOHA
Tipo de documento Livro
Holdings
Aquisição Empréstimo Código de barras Cota Permissão de empréstimo Tipo de documento Nota relativa ao exemplar
Biblioteca Municipal de Redondo Biblioteca Municipal de Redondo 056364 316.6 HEN   Livro obra sobre o movimento Woke. Oferta da Fundação Manuel António Mota

Powered by Koha